01279cam a22002771 4500001001300000003000400013005001700017008004100034010001700075035001900092040004500111042001200156050002200168082002000190100002500210245016400235260005800399300007100457490005100528500007800579501021100657504003000868650004300898650002100941700003900962gs 41000010 DLC20260227111346.0780417s1940 ksuabf 000 0 eng c ags 41000010  a(OCoLC)3807570 aU. S. Geol. survey. Library.cTxEUdDLC apremarc00aQE113b.A2 no. 33 a(557.81) 551.751 aLee, Wallace,d1883-10aSubsurface Mississippian rocks of Kansas /cby Wallace Lee ; with Report on fossils of Mississippian age from well cores in western Kansas, by George H. Girty. aTopeka, Kansas :bW. C. Austin, state printer,c1940. a114 p. :bincl. illus., tables, fold. plates, fold. maps ;c23 cm.0 a(Kansas. State geological survey. Bulletin 33) aBulletin of the University of Kansas, vol. 41, no. 17, September 1, 1940. aWith : Ground-water resources of Kansas / by Raymond C. Moore, with chapters by S. W. Lohman, J. C. Frye, H. A. Waite, T. G. McLaughlin and Bruce Latta, 1940. Bound together subsequent to publication.5DLC aBibliography: p. 113-114. 0aGeology, StratigraphicyMississippian. 0aGeologyzKansas.1 aGirty, George Herbert,d1869-1939.